000 00778nam a2200241 a 4500
001 53482
003 BD-RjUL
005 20211209075953.0
008 161016s1971 pk 000 0 eng
035 _a(BD-RjUL)53603
040 _aDLC
_cDLC
_dDLC
_dBD-RjUL
_beng
041 _aeng
082 0 0 _a345.4910696
_223
_bMAN 1971
100 1 _aMahmood, Shaukat.
_9159888
245 1 0 _aNegotiable instrument act (XXVI of 1881) /
_cShaukat Mahmood
260 _aLahore :
_bPakistan Law Times Publications,
_c1971
300 _aix, 294 p. ;
_c25 cm.
350 _aRs15.00
650 0 _aNegotiable instruments
_zPakistan.
_9159889
710 1 2 _aPakistan.
_kLaws, statutes, etc.
_tNegotiable instruments act, 1881. 1971.
_9159890
942 _2ddc
_cBK
999 _c53482
_d53482